000 00793nam a2200229Ia 4500
003 GCL
008 140319s9999 xx 000 0 ara d
020 _a8685758977
040 _aGCL /
_cGCL
082 0 4 _a910.0285
_bم م
100 1 _aمحمود دياب راضى
245 1 0 _aمقدمة فى نظم المعلومات الجغرافية /
_cمحمود دياب راضى
250 _aالاولى
260 _aالقاهرة :
_bدار الثقافة للنشر والتوزيع ،
_c2000
300 _a123 ص ؛
_c24 سم
490 _a
650 0 4 _aالجغرافيا الطبيعية
650 0 4 _aنظم المعلومات
650 0 4 _aاختزان واسترجاع المعلومات
650 0 4 _aبرامج الحاسبات الالكترونية
942 _2ddc
_cBK
999 _c32717
_d32717